| 000 | 00610nam a2200217 a 4500 | ||
|---|---|---|---|
| 001 | BRCA_8093 | ||
| 005 | 20190320210129.0 | ||
| 008 | 070414s1964----fr-a###f##---#001-0#fre-# | ||
| 041 | _afre | ||
| 044 | _afr | ||
| 050 | 4 |
_aSB407 _b.R413 _c1964 |
|
| 100 | 1 |
_aRedoutè Pierre-Joseph _920127 |
|
| 245 | 1 | 0 |
_aFleurs et Fruits _cPierre-Joseph Redoutè ; introduction d`Eva Mannering. |
| 260 |
_aFrancia _bDuChene _c1964 |
||
| 300 |
_a24 p. _bil. a color _c24 cm. |
||
| 500 | _aY134 | ||
| 650 | 1 | 4 |
_aFlores _vLibros ilustrados _920128 |
| 650 | 1 | 4 |
_aFrutas _vLibros ilustrados _920129 |
| 902 | _aGFM | ||
| 942 |
_2lcc _cB |
||
| 999 |
_c7761 _d7761 |
||